[Event "Wch U18"]
[Site "Florianopolis"]
[Date "2024.11.03"]
[Round "6"]
[White "Razafindratsima, Timothe"]
[Black "Akhmedinov, Satbek"]
[Result "1/2-1/2"]
[WhiteElo "2464"]
[BlackElo "2341"]
[PlyCount "136"]
[EventDate "2024.10.29"]
[EventType "swiss"]
[EventRounds "11"]
[EventCountry "BRA"]
[SourceTitle "CB45_2024"]
[Source "ChessBase"]
[SourceDate "2024.11.06"]
[SourceVersion "1"]
[SourceVersionDate "2024.11.06"]
[SourceQuality "1"]

1. d4 Nf6 2. Nc3 d5 3. Bf4 e6 4. Nb5 Bb4+ 5. c3 Ba5 6. e3 0-0 7. Nf3 Nbd7 8. Bd3 a6 9. Na3 Qe7 10. Nb1 Ne4 11. Qc2 f5 12. b4 Bb6 13. h4 c6 14. Nbd2 Nef6 15. c4 Ba7 16. c5 Bb8 17. Qb2 Ng4 18. g3 e5 19. dxe5 a5 20. e6 Qxe6 21. 0-0 axb4 22. Qxb4 Nge5 23. Be2 h6 24. a4 Qe7 25. Nxe5 Nxe5 26. Nf3 Nd7 27. Rfc1 Bxf4 28. gxf4 b6 29. a5 bxc5 30. Qb2 c4 31. h5 Nc5 32. Ne5 Rf6 33. Qb4 Qa7 34. Bxc4 dxc4 35. Qxc4+ Ne6 36. Nxc6 Qf7 37. Ne5 Ba6 38. Qc6 Qe8 39. Qxe8+ Rxe8 40. Rc6 Nf8 41. Rxf6 gxf6 42. Nc6 Ne6 43. Rd1 Bb7 44. Rd6 Bxc6 45. Rxc6 Kf7 46. a6 Rb8 47. Kg2 Rb5 48. Rc8 Ra5 49. Ra8 Nc5 50. Ra7+ Ke6 51. Rh7 Rxa6 52. Rxh6 Ra2 53. Rh8 Ne4 54. Kg1 Nxf2 55. h6 Kf7 56. Rc8 Kg6 57. Rg8+ Kxh6 58. Rh8+ Kg6 59. Rh2 Re2 60. Kf1 Rxe3 61. Kxf2 Ra3 62. Rh8 Kf7 63. Rb8 Ke6 64. Rb5 Rd3 65. Ra5 Rd5 66. Ra6+ Kf7 67. Ra8 Kg6 68. Rh8 Ra5 1/2-1/2

[Event "Wch U18"]
[Site "Florianopolis"]
[Date "2024.11.02"]
[Round "5"]
[White "Ansat, Aldiyar"]
[Black "Razafindratsima, Timothe"]
[Result "1-0"]
[WhiteElo "2456"]
[BlackElo "2464"]
[PlyCount "104"]
[EventDate "2024.10.29"]
[EventType "swiss"]
[EventRounds "11"]
[EventCountry "BRA"]
[SourceTitle "CB45_2024"]
[Source "ChessBase"]
[SourceDate "2024.11.06"]
[SourceVersion "1"]
[SourceVersionDate "2024.11.06"]
[SourceQuality "1"]

1. e4 c5 2. Nf3 Nc6 3. d4 cxd4 4. Nxd4 Nf6 5. Nc3 e5 6. Nde2 Bb4 7. a3 Ba5 8. Qd3 d5 9. exd5 Nxd5 10. Bd2 Nxc3 11. Qxd8+ Bxd8 12. Bxc3 0-0 13. 0-0-0 Bb6 14. f3 Be6 15. Ng3 Bd4 16. Bxd4 Nxd4 17. Ne2 Nxe2+ 18. Bxe2 Rad8 19. b4 f6 20. Kb2 Kf7 21. c4 b6 22. Rxd8 Rxd8 23. Kc3 Ke7 24. a4 Kd6 25. Ra1 Rc8 26. Rd1+ Ke7 27. b5 Rc7 28. Ra1 Bc8 29. a5 f5 30. h4 g6 31. axb6 axb6 32. Ra8 Kd6 33. Kb4 Bb7 34. Rd8+ Rd7 35. Rxd7+ Kxd7 36. c5 Kc7 37. Bc4 Bc8 38. Bd5 h6 39. Kc4 g5 40. hxg5 hxg5 41. Bf7 e4 42. fxe4 f4 43. c6 g4 44. Kd4 g3 45. Bh5 Be6 46. Be2 Bh3 47. Bf3 Be6 48. Ke5 Bc4 49. Kf6 Bxb5 50. e5 Bxc6 51. Bxc6 Kxc6 52. e6 Kd5 1-0

[Event "Wch U18"]
[Site "Florianopolis"]
[Date "2024.10.31"]
[Round "3"]
[White "Sahakyan, Aleks"]
[Black "Razafindratsima, Timothe"]
[Result "0-1"]
[WhiteElo "2328"]
[BlackElo "2464"]
[PlyCount "78"]
[EventDate "2024.10.29"]
[EventType "swiss"]
[EventRounds "11"]
[EventCountry "BRA"]
[SourceTitle "CB45_2024"]
[Source "ChessBase"]
[SourceDate "2024.11.06"]
[SourceVersion "1"]
[SourceVersionDate "2024.11.06"]
[SourceQuality "1"]

1. e4 c5 2. Nf3 e6 3. Be2 Nc6 4. 0-0 Qc7 5. Nc3 a6 6. d4 cxd4 7. Nxd4 Nf6 8. Be3 Bb4 9. Na4 Be7 10. Nxc6 dxc6 11. Bb6 Qb8 12. Qd4 0-0 13. Nc5 Bd6 14. g3 e5 15. Qe3 Bc7 16. Na4 Be6 17. Bc5 Re8 18. Nb6 Bxb6 19. Bxb6 a5 20. Rfd1 Nd7 21. Bc4 Nxb6 22. Bxe6 Qa7 23. Bh3 Na4 24. Qg5 h6 25. Qg4 Rad8 26. Qh4 Qb6 27. Bd7 Nxb2 28. Rd6 Qc7 29. Bxe8 Qxd6 30. Rb1 Nc4 31. Bxf7+ Kxf7 32. Rxb7+ Kg8 33. Kg2 Rd7 34. Rb3 Qf6 35. Qg4 Rd2 36. Qc8+ Kh7 37. Rf3 Qg6 38. Rf8 Ne3+ 39. Kf3 Qh5+ 0-1

[Event "Wch U18"]
[Site "Florianopolis"]
[Date "2024.10.29"]
[Round "1"]
[White "Reyes Zavaleta, Fabian Ricardo"]
[Black "Razafindratsima, Timothe"]
[Result "0-1"]
[WhiteElo "2156"]
[BlackElo "2464"]
[PlyCount "110"]
[EventDate "2024.10.29"]
[EventType "swiss"]
[EventRounds "11"]
[EventCountry "BRA"]
[SourceTitle "CB45_2024"]
[Source "ChessBase"]
[SourceDate "2024.11.06"]
[SourceVersion "1"]
[SourceVersionDate "2024.11.06"]
[SourceQuality "1"]

1. d4 Nf6 2. c4 e6 3. g3 d5 4. Nf3 dxc4 5. Bg2 a6 6. 0-0 Nc6 7. e3 Bd7 8. Nfd2 b5 9. b3 cxb3 10. axb3 Be7 11. Nc3 0-0 12. Bb2 Ra7 13. Nde4 Nd5 14. Nxd5 exd5 15. Nc5 Bxc5 16. dxc5 Be6 17. Qd2 Qd7 18. Rfd1 Rd8 19. Qc3 f6 20. Bxd5 Bxd5 21. e4 Qe6 22. exd5 Rxd5 23. Rxd5 Qxd5 24. Qe1 Ra8 25. Rxa6 Rd8 26. Qe2 Kf7 27. Bc3 b4 28. Bb2 Re8 29. Qf1 Qf3 30. h4 Rd8 31. Qg2 Rd1+ 32. Kh2 Qxg2+ 33. Kxg2 Ne7 34. Ra7 c6 35. Rb7 Rb1 36. Bd4 Rxb3 37. Be3 Rb1 38. Kf3 Ke6 39. Ke4 Nd5 40. Kd3 b3 41. Bd2 g6 42. Rxh7 Rf1 43. Rb7 Rxf2 44. g4 Rh2 45. Rxb3 Rxh4 46. Rb8 Rxg4 47. Rd8 Ne7 48. Rd6+ Kf7 49. Bc3 Rf4 50. Ba5 Ra4 51. Bd8 Nd5 52. Kd2 Rd4+ 53. Ke2 Nf4+ 54. Kf3 Rxd6 55. cxd6 Ne6 0-1

[Event "Titled Tuesday intern op 10th Sep Early"]
[Site "Chess,com INT"]
[Date "2024.09.10"]
[Round "3"]
[White "Otdelnov, Kirill"]
[Black "Razafindratsima, Timothe"]
[Result "0-1"]
[WhiteElo "2320"]
[BlackElo "2450"]
[PlyCount "72"]
[EventDate "2024.09.10"]
[EventType "swiss (blitz)"]
[EventRounds "11"]
[EventCountry "USA"]
[SourceTitle "EXT 2025"]
[Source "ChessBase"]
[SourceDate "2024.10.14"]
[SourceVersion "1"]
[SourceVersionDate "2024.10.14"]
[SourceQuality "1"]

1. d4 d6 2. c4 g6 3. Nc3 Bg7 4. e4 Nf6 5. Be2 0-0 6. Be3 c5 7. d5 b5 8. cxb5 a6 9. bxa6 Qa5 10. Bd2 Bxa6 11. Bxa6 Nxa6 12. Nf3 c4 13. 0-0 Nc5 14. Qe2 Qa6 15. Be3 Nd3 16. Ne1 Rfb8 17. Nxd3 cxd3 18. Qd2 Ng4 19. Bg5 h6 20. Bf4 g5 21. Bg3 Rb4 22. h3 Nf6 23. Rfe1 Rab8 24. Rab1 Nh5 25. Re3 Nxg3 26. Rxg3 Be5 27. Rxd3 Rxb2 28. Rxb2 Rxb2 29. Qe3 Qc4 30. Nd1 Rb1 31. g3 Qc2 32. Qf3 Qxa2 33. Kg2 Qc4 34. Re3 Qd4 35. Rd3 Qa1 36. Ne3 Rh1 0-1

[Event "Titled Tuesday intern op 10th Sep Early"]
[Site "Chess,com INT"]
[Date "2024.09.10"]
[Round "4"]
[White "Rodriguez Fontecha, Marcos"]
[Black "Razafindratsima, Timothe"]
[Result "1-0"]
[WhiteElo "2278"]
[BlackElo "2450"]
[PlyCount "35"]
[EventDate "2024.09.10"]
[EventType "swiss (blitz)"]
[EventRounds "11"]
[EventCountry "USA"]
[SourceTitle "EXT 2025"]
[Source "ChessBase"]
[SourceDate "2024.10.14"]
[SourceVersion "1"]
[SourceVersionDate "2024.10.14"]
[SourceQuality "1"]

1. d4 g6 2. Nf3 d6 3. Bf4 Bg7 4. Qd2 h5 5. Nc3 Nf6 6. 0-0-0 Bg4 7. h3 Bxf3 8. gxf3 Nc6 9. e4 Nd7 10. Be3 e5 11. Ne2 exd4 12. Nxd4 Qf6 13. c3 Nxd4 14. Bxd4 Bh6 15. Be3 Qxf3 16. Bxh6 Qxh1 17. Qf4 Qxh3 18. Bxh3 1-0

[Event "EU-ch U18"]
[Site "Prague"]
[Date "2024.08.22"]
[Round "1"]
[White "Taranowicz, Michal"]
[Black "Razafindratsima, Timothe"]
[Result "0-1"]
[WhiteElo "2164"]
[BlackElo "2457"]
[PlyCount "86"]
[EventDate "2024.08.22"]
[EventType "swiss"]
[EventRounds "9"]
[EventCountry "CZE"]
[SourceTitle "CBM 221 Extra"]
[Source "ChessBase"]
[SourceDate "2024.09.30"]
[SourceVersion "1"]
[SourceVersionDate "2024.09.30"]
[SourceQuality "1"]

1. e4 c5 2. Nf3 e6 3. d4 cxd4 4. Nxd4 Nf6 5. Nc3 Nc6 6. a3 d6 7. Be3 Be7 8. Be2 0-0 9. Qd2 e5 10. Nb3 Be6 11. Rd1 a5 12. 0-0 a4 13. Nc1 h6 14. f4 exf4 15. Bxf4 Ra5 16. Bf3 Ne5 17. Bxe5 dxe5 18. Qxd8 Bxd8 19. Nd3 Bb6+ 20. Kh1 Bc4 21. Rfe1 Re8 22. g3 g5 23. Rd2 Kg7 24. Nb4 Bd4 25. Nd1 Be6 26. Ne3 Bxb2 27. Rd3 Rc5 28. Nbd5 Bxd5 29. Nxd5 Nxd5 30. exd5 Rxc2 31. d6 b5 32. Bd1 Rc1 33. Re2 Bxa3 34. Kg2 Rd8 35. d7 f6 36. Bc2 Bc5 37. Rd5 a3 38. Bb3 Rc3 39. Ba2 b4 40. Red2 Be3 41. R2d3 Bd4 42. Rxc3 bxc3 43. Bb3 c2 0-1

[Event "Spilimbergo op 22nd"]
[Site "Spilimbergo"]
[Date "2024.08.15"]
[Round "9"]
[White "Cappelletto, Joshuaede"]
[Black "Razafindratsima, Timothe"]
[Result "0-1"]
[WhiteElo "2328"]
[BlackElo "2457"]
[PlyCount "116"]
[EventDate "2024.08.09"]
[EventType "swiss"]
[EventRounds "9"]
[EventCountry "ITA"]
[SourceTitle "EXT 2025"]
[Source "ChessBase"]
[SourceDate "2024.10.14"]
[SourceVersion "1"]
[SourceVersionDate "2024.10.14"]
[SourceQuality "1"]

1. e4 e5 2. Bc4 Nf6 3. d3 c6 4. Nf3 d5 5. Bb3 a5 6. a4 Bb4+ 7. c3 Bd6 8. exd5 cxd5 9. Bg5 Be6 10. Na3 Nc6 11. Nb5 Bb8 12. h3 0-0 13. 0-0 h6 14. Bh4 Qb6 15. Bxf6 gxf6 16. Nh4 Ne7 17. c4 dxc4 18. dxc4 f5 19. Qh5 Bc8 20. Rfd1 Qf6 21. c5 Ra6 22. Rac1 e4 23. Nd6 Bxd6 24. cxd6 Rxd6 25. Rxd6 Qxd6 26. Rc3 Qf6 27. g3 Rd8 28. Ng2 Be6 29. Bxe6 Qxe6 30. Nf4 Qb6 31. Qe2 Nc6 32. Qb5 Qxb5 33. axb5 Nd4 34. Kg2 b6 35. g4 fxg4 36. hxg4 Kg7 37. Re3 Nxb5 38. Rxe4 Rd4 39. Kf3 Rd2 40. Nh5+ Kf8 41. Nf6 Rxb2 42. Nd7+ Kg7 43. Re8 Nd4+ 44. Kg3 b5 45. f4 Rb3+ 46. Kg2 Ne6 47. f5 Nf4+ 48. Kf2 Nd5 49. Rd8 Nf6 50. Ne5 a4 51. Ra8 Rb4 52. Kf3 Re4 53. Nd3 Rxg4 54. Ra5 Rd4 55. Ne5 Rd5 56. Kf4 Nh5+ 57. Ke4 Nf6+ 58. Kf4 Nd7 0-1